Sacred Buddhist Painting : (Record no. 584605)

MARC details
000 -LEADER
fixed length control field 00464nam a2200193 a 4500
008 - FIXED-LENGTH DATA ELEMENTS--GENERAL INFORMATION
fixed length control field 250831s1998##################000#0#eng##
020 ## - INTERNATIONAL STANDARD BOOK NUMBER
ISBN 9788174360427
082 04 - DEWEY DECIMAL CLASSIFICATION NUMBER
Classification number 759.951
Item number CHA
100 1# - MAIN ENTRY--AUTHOR NAME
Personal name Chakraverty, Anjan,
245 10 - TITLE STATEMENT
Title Sacred Buddhist Painting :
260 ## - PUBLICATION, DISTRIBUTION, ETC. (IMPRINT)
Name of publisher Roli Books,
Year of publication 1998.
300 ## - PHYSICAL DESCRIPTION
Number of Pages 104 pages
650 #0 - SUBJECT ADDED ENTRY--TOPICAL TERM
Topical Term Art.
942 ## - ADDED ENTRY ELEMENTS (KOHA)
Koha item type English Books
Holdings
Withdrawn status Lost status Damaged status Not for loan Home library Current library Shelving location Date acquired Full call number Accession Number Price effective from Koha item type
        Anna Centenary Library Anna Centenary Library 6TH FLOOR, B WING 31.08.2025 759.951 CHA 284425 31.08.2025 English Books

Find us on the map